[Event "56th Rubinstein Memorial A 2020"]
[Site "Polanica Zdroj"]
[Date "2020.08.18"]
[Round "4.16"]
[White "Czarniecka, Aleksandra"]
[Black "Praczukowski, Stanislaw"]
[Result "0-1"]
[WhiteElo "2043"]
[BlackElo "2132"]
[Annotator "TA"]
[PlyCount "196"]
[EventDate "2020.08.15"]
[EventType "swiss"]
[EventCountry "POL"]
[SourceTitle "playchess.com"]
[Source "ChessBase"]
[SourceQuality "1"]

{[%evp 9,196,-47,0,-22,0,-17,-7,-17,-12,-16,-26,-30,-25,-16,-17,-45,-43,-50,-56,-41,-39,-31,-16,-48,-47,-66,-54,-49,-45,-115,-117,-116,-83,-90,-93,-84,-85,-104,-81,-133,-140,-161,-154,-156,-100,-112,-63,-140,-104,-158,-140,-138,-130,-132,-56,-56,-56,-123,-49,-49,-49,-133,-133,-133,-133,-133,-127,-208,-195,-192,-200,-293,-271,-270,-220,-220,-195,-216,-213,-213,-173,-213,-208,-214,-171,-228,-196,-304,-262,-289,-98,-613,-141,-475,-177,-820,-231,-551,-314,-318,0,-436,0,-794,-275,-220,-100,-99,-50,-50,-50,-50,-50,-50,-50,-50,0,-129,-50,-50,-50,-50,-50,-129,-50,-50,-50,-50,-50,-50,-50,-50,-50,-50,0,-124,-124,-124,-124,-375,-336,-420,-420,-792,-788,-788,-775,-731,-694,-812,-791,-773,-704,-692,-662,-783,0,-779,-779,-927,-914,-2820,-2871,-2870,-2413,-1250,-1132,-29961,-5493,-29978,-1052,-1599,0,-29976,-921,-29984,-1178,-29976,-29976,-29983,-29983,-29989,-29990,-29990,-29982,-29990,-29991,-29993,-29992]} 1. e4 c5 2. b3 e6 3. Bb2 b6 4. Bc4 Bb7 5. Qe2 {[#]} d6 $146 ({Predecessor:} 5... a6 6. d4 cxd4 7. Nf3 Nf6 8. Nbd2 Bb4 9. O-O Bc3 10. e5 Bxb2 11. exf6 d3 12. Bxd3 Bxa1 13. Rxa1 Qxf6 {0-1 (30) Istvanovszky,M (2305)-Fodor,I (2338) Hungary 2015}) 6. f4 {B20: Sicilian: Unusual White 2nd moves.} Nf6 7. Bb5+ Nbd7 8. d3 {The position is equal.} Be7 9. Nd2 O-O 10. Ngf3 a6 11. Bxd7 $1 Qxd7 12. Nc4 Qc7 13. Ne3 d5 $36 {[%mdl 2048] White is under pressure.} 14. e5 Nh5 15. g3 d4 16. Nc4 g6 17. Rf1 b5 {[%cal Bb6b5,Bb5b4][%mdl 32]} 18. Ncd2 a5 19. Ne4 (19. a4 $15) 19... a4 $1 $17 20. Kf2 Ng7 21. Rfb1 Nf5 22. Bc1 b4 23. g4 Ng7 24. g5 (24. a3 $142) 24... Ra7 25. Ng3 Rfa8 26. Bb2 Ra5 (26... Qc6 $142 27. Ne4 axb3 28. axb3 Rxa1 29. Rxa1 Rxa1 30. Bxa1 Nh5) 27. h4 R8a6 28. Nh2 (28. Rh1 $15) 28... Ba8 29. Qd1 (29. Ng4 $142) 29... Qb7 {( -> ...Qg2+)} 30. Nf3 Qa7 31. Nd2 axb3 (31... Nf5 $17 {Threatens to win with ...Ne3.} 32. Nxf5 exf5) 32. axb3 $15 Qb7 {White must now prevent ...Qg2+.} 33. Nf3 ({White should try} 33. Qf1 $15) 33... Ne8 (33... Ra2 $17 34. Ne4 Nf5) 34. Rxa5 Rxa5 35. Ra1 (35. h5 $15) 35... Rxa1 $17 36. Bxa1 Nc7 37. Ne4 Nd5 38. Qd2 (38. Bb2 $17) 38... Qa7 39. Bb2 Qa2 40. Bc1 (40. Qc1 $142) 40... Ne3 $19 41. Ne1 Qb1 42. Ng3 Bd5 43. Kg1 Bc6 44. Kf2 Nd5 45. Ne2 Kg7 46. Kg1 Bd8 47. Kf2 (47. Ng3 $142) 47... Bb6 48. Kg1 (48. Ng3 {was worth a try.}) 48... Ne3 49. Ng3 {[#]} Qa1 $2 (49... c4 $1 $19 {[%mdl 512] has better winning chances.} 50. bxc4 Qa1) 50. Kf2 $2 {[%mdl 8192] [#]} (50. h5 $17) 50... Ba8 $2 (50... c4 $1 $19 {[%mdl 512]} 51. bxc4 Ba5) 51. Kg1 $2 {[%mdl 8192] [#]} (51. Nf1 $17 {is tougher.}) 51... h5 $2 (51... c4 $1 {[%mdl 512] Strongly threatening ...c3.} 52. f5 (52. bxc4 Ba5) 52... c3) 52. Kf2 $2 {[#]} (52. gxh6+ Kxh6 53. h5) 52... Bd5 $2 (52... c4 $1 {[%mdl 512]} 53. bxc4 Ba5) 53. Kg1 $2 (53. Nf1) 53... Qb1 54. Kf2 Qa1 55. Kg1 $1 {[#]} Ba8 (55... c4 $142 $1 {[%mdl 512]} 56. bxc4 Ba5) 56. Kf2 $1 {[#]} Ba7 $2 (56... c4 $1 {[%mdl 512] And now ...c3 would win.} 57. bxc4 Ba5) 57. Kg1 Qa6 (57... Ng4 $19 {is more deadly.} 58. Kf1 Ne3+ 59. Ke2 Bc6) 58. Qe2 $17 Nf5 59. Nxf5+ exf5 60. Kf2 Bd5 61. Nf3 Qa2 62. Qd2 Bb6 63. Kg3 (63. c4 $11 Qxd2+ 64. Bxd2 Bxf3 65. Kxf3) 63... Ba5 (63... Bxf3 $1 $17 64. Kxf3 Qa8+ 65. Ke2 Qg2+ 66. Kd1 Qg4+ 67. Qe2 Qxh4) 64. Qf2 Qa1 65. Qd2 Bb6 66. Kf2 (66. Qd1 $15) 66... Qa8 ({Better is} 66... Bxf3 $1 $17 67. Kxf3 Qa8+ 68. Ke2 Qg2+ 69. Kd1 Qg4+ 70. Qe2 Qxh4) 67. Qe2 $15 Qc6 68. Kg3 Ba7 69. Bd2 Qa6 70. Bc1 Qa2 {Hoping for ...Bxb3!} 71. Qd2 Bb6 (71... Qa5 {keeps more tension.} 72. Qd1 Bb6 73. Nd2 Qa8 74. Nc4 Bc7) 72. Kf2 (72. c4 $11 {keeps the balance.} Qxd2 73. Bxd2 Bxf3 74. Kxf3) 72... Bxf3 $1 $17 {White is now going downhill.} 73. Kxf3 Qa8+ $1 74. Kg3 $2 {[%mdl 8192]} (74. Ke2 $17) 74... Qh1 $19 75. Bb2 {intending Qc1.} Qg1+ 76. Kh3 (76. Qg2 $142 Qe1+ 77. Qf2) 76... Qg4+ 77. Kh2 Qxh4+ 78. Kg2 Qg4+ 79. Kh1 Qh3+ 80. Kg1 Qg3+ 81. Kf1 Qf3+ 82. Kg1 Qg4+ 83. Kh1 $1 h4 84. Bc1 Qf3+ 85. Kg1 h3 86. Kh2 Bc7 87. Bb2 Kf8 88. Bc1 Ke7 89. Bb2 Ke6 (89... Ke8 $142 90. Kg1 f6 $1 {[%mdl 512]} 91. gxf6 g5 $1 {[%mdl 512]} 92. Bc1 Kf7 93. Qf2 Qd1+ 94. Kh2 Qxc1 95. Qf3 Qxc2+ {[%mdl 64] Double Attack} 96. Kg3 Qg2+ 97. Qxg2 hxg2 98. Kxg2 gxf4 99. Kf2 Bxe5 100. Kf3 Kxf6 101. Ke2 Kg5 102. Kf3 Bd6 103. Ke2 Kg4 104. Ke1 f3 105. Kd2 Bf4+ 106. Kd1 f2 107. Ke2 Kg3 108. Kf1 Be3 109. Ke2 Kg2 110. Kd1 f1=Q+ {[%mdl 64] Double Attack} 111. Kc2 Qc1#) 90. Bc1 Ke7 (90... Kd7 $19 91. Bb2 Ke6) 91. Bb2 Ke8 92. Bc1 {[#]} Bb8 (92... Bxe5 $142 $1 {[%mdl 512]} 93. fxe5 {[#]} f4 $1 {[%mdl 512]} 94. c3 Qg3+ 95. Kh1 f3 96. Qh2 Qe1+ 97. Qg1 f2 {[%mdl 64] Pin} 98. Qxe1 fxe1=Q+ 99. Kh2 Qf1 100. Kg3 Qg2+ 101. Kf4 h2 102. e6 h1=Q 103. exf7+ Kxf7 104. cxd4 Qh4+ {[%mdl 64] Double Attack} 105. Ke5 Qxd4#) 93. Bb2 {[#]} f6 $1 {[%mdl 512] Black mates.} 94. gxf6 {[#]} (94. exf6 Bxf4+) 94... g5 $1 {[%mdl 512]} 95. f7+ (95. fxg5 Bxe5+) 95... Kxf7 96. Bc1 Ke6 97. Bb2 gxf4 98. Bc1 Bxe5 {Accuracy: White = 49%, Black = 62%.} 0-1

[Event "56th Rubinstein Memorial A 2020"]
[Site "Polanica Zdroj"]
[Date "2020.08.18"]
[Round "4.17"]
[White "Kolodziejski, Piotr"]
[Black "Poltorak, Sebastian"]
[Result "0-1"]
[WhiteElo "1928"]
[BlackElo "1974"]
[Annotator "ChessBase"]
[PlyCount "56"]
[EventDate "2020.08.15"]
[EventType "swiss"]
[EventCountry "POL"]
[SourceTitle "playchess.com"]
[Source "ChessBase"]
[SourceQuality "1"]
[TimeControl "40/5400+30:1800+30"]

1. e4 {[%emt 0:00:00]} c6 {[%emt 0:00:00]} 2. d4 {[%emt 0:00:07]} d5 {[%emt 0:00:00]} 3. Nc3 {[%emt 0:00:25]} dxe4 {[%emt 0:00:06]} 4. Nxe4 {[%emt 0:00:06]} Nf6 {[%emt 0:00:06]} 5. Nxf6+ {[%emt 0:00:37]} exf6 {[%emt 0:00:05]} 6. Be3 {[%emt 0:02:25]} Bd6 {[%emt 0:00:21]} 7. Nf3 {[%emt 0:03:04]} O-O {[%emt 0:00:23]} 8. Be2 {[%emt 0:02:19]} Qc7 {[%emt 0:00:20]} 9. h3 {[%emt 0:03:00]} Nd7 {[%emt 0:02:01]} 10. Qd3 {[%emt 0:04:31]} Re8 {[%emt 0:02:17]} 11. O-O {[%emt 0:03:26]} Nf8 {[%emt 0:00:39]} 12. c4 {[%emt 0:04:51]} Ng6 {[%emt 0:01:09]} 13. d5 {[%emt 0:05:21]} cxd5 {[%emt 0:02:34]} 14. cxd5 {[%emt 0:01:20]} Nf4 {[%emt 0:01:34]} 15. Bxf4 {[%emt 0:03:51]} Bxf4 {[%emt 0:00:06]} 16. Nd4 {[%emt 0:02:05]} Bd7 {[%emt 0:02:54]} 17. Bf3 {[%emt 0:03:04]} Rac8 {[%emt 0:03:45]} 18. Rad1 {[%emt 0:08:29]} Qb6 {[%emt 0:07:09]} 19. b3 {[%emt 0:05:59]} Qa5 {[%emt 0:06:24]} 20. a4 {[%emt 0:10:19]} g6 {[%emt 0:06:37]} 21. Qb1 {[%emt 0:05:57]} Be5 {[%emt 0:01:15]} 22. g4 {[%emt 0:01:50]} Rc3 {[%emt 0:01:52]} 23. Kg2 {[%emt 0:11:09]} Qb4 {[%emt 0:01:11]} 24. Qe4 {[%emt 0:05:41]} Bc7 {[%emt 0:03:51]} 25. Qb1 {[%emt 0:01:03]} Bb6 {[%emt 0:01:50]} 26. Nc2 {[%emt 0:01:31]} Qf4 {[%emt 0:00:24]} 27. Ne3 {[%emt 0:04:34]} Bxe3 {[%emt 0:00:06]} 28. fxe3 {[%emt 0:01:32]} Rexe3 {[%emt 0:00:04]} 0-1

[Event "56th Rubinstein Memorial A 2020"]
[Site "Polanica Zdroj"]
[Date "2020.08.18"]
[Round "4.18"]
[White "Luberanski, Jakub"]
[Black "Siekanska, Maria"]
[Result "1-0"]
[WhiteElo "2146"]
[BlackElo "1928"]
[Annotator "ChessBase"]
[PlyCount "63"]
[EventDate "2020.08.15"]
[EventType "swiss"]
[EventCountry "POL"]
[SourceTitle "playchess.com"]
[Source "ChessBase"]
[SourceQuality "1"]
[TimeControl "40/5400+30:1800+30"]

1. d4 {[%emt 0:00:00]} Nf6 {[%emt 0:00:02]} 2. Bf4 {[%emt 0:00:00]} e6 {[%emt 0:00:18]} 3. e3 {[%emt 0:00:00]} d5 {[%emt 0:00:41]} 4. Nf3 {[%emt 0:01:15]} c5 {[%emt 0:00:23]} 5. c3 {[%emt 0:00:05]} Nc6 {[%emt 0:00:17]} 6. Nbd2 {[%emt 0:00:08]} Bd6 {[%emt 0:00:31]} 7. Bg3 {[%emt 0:00:58]} O-O {[%emt 0:00:34]} 8. Bd3 {[%emt 0:00:10]} b6 {[%emt 0:00:47]} 9. Ne5 {[%emt 0:02:31]} Bb7 {[%emt 0:02:19]} 10. f4 {[%emt 0:01:27]} Ne7 {[%emt 0:01:43]} 11. O-O {[%emt 0:05:33]} Nf5 {[%emt 0:00:50]} 12. Bf2 {[%emt 0:00:12]} Be7 {[%emt 0:01:18]} 13. a4 {[%emt 0:06:21]} a6 {[%emt 0:05:35]} 14. Qb1 {[%emt 0:04:59]} Nd6 {[%emt 0:04:21]} 15. Bh4 {[%emt 0:01:54]} Nfe4 {[%emt 0:01:49]} 16. Bxe7 {[%emt 0:00:55]} Qxe7 {[%emt 0:00:27]} 17. Bxe4 {[%emt 0:11:27]} dxe4 {[%emt 0:02:51]} 18. Nec4 {[%emt 0:16:07]} Nxc4 {[%emt 0:04:19]} 19. Nxc4 {[%emt 0:01:27]} b5 {[%emt 0:00:31]} 20. Nb6 {[%emt 0:01:23]} Rad8 {[%emt 0:08:44]} 21. a5 {[%emt 0:01:22]} f6 {[%emt 0:04:55]} 22. Qa2 {[%emt 0:02:41]} Bd5 {[%emt 0:05:43]} 23. Qa3 {[%emt 0:02:43]} b4 {[%emt 0:01:25]} 24. cxb4 {[%emt 0:02:19]} cxb4 {[%emt 0:03:29]} 25. Qa4 {[%emt 0:00:15]} Bb7 {[%emt 0:08:10]} 26. Rac1 {[%emt 0:02:30]} e5 {[%emt 0:05:42]} 27. fxe5 {[%emt 0:01:46]} fxe5 {[%emt 0:00:06]} 28. Rxf8+ {[%emt 0:01:08]} Rxf8 {[%emt 0:00:58]} 29. Nd7 {[%emt 0:06:11]} Rc8 {[%emt 0:04:42]} 30. Rxc8+ {[%emt 0:00:51]} Bxc8 {[%emt 0:00:02]} 31. Nxe5 {[%emt 0:00:10]} Bb7 {[%emt 0:02:49]} 32. Qd7 {[%emt 0:01:18]} 1-0

[Event "56th Rubinstein Memorial A 2020"]
[Site "Polanica Zdroj"]
[Date "2020.08.18"]
[Round "4.19"]
[White "Goraj, Barbara"]
[Black "Kazmierowski, Tymon"]
[Result "1/2-1/2"]
[WhiteElo "2099"]
[BlackElo "1844"]
[Annotator "TA"]
[PlyCount "244"]
[EventDate "2020.08.15"]
[EventType "swiss"]
[EventCountry "POL"]
[SourceTitle "playchess.com"]
[Source "ChessBase"]
[SourceQuality "1"]

{[%evp 23,244,33,39,11,91,80,87,38,40,42,24,39,32,0,81,46,89,93,102,65,97,0,154,108,126,78,85,85,78,84,116,131,126,-297,-289,-1195,-1273,-1112,-1266,-1060,-1164,-854,-438,-425,-428,-414,-372,-372,-318,-312,-311,-364,-341,-371,-367,-383,-387,-420,-418,-409,-412,-438,0,0,0,-438,-438,-438,-438,-437,-431,-428,-428,-419,-408,-527,-509,-480,-458,-439,-400,-1034,-1040,-12833,-12834,-12838,-12835,-12834,-12831,-566,-481,-12841,-12842,-12841,-12839,-12839,-12811,-12827,-12832,-12836,-12830,-12834,-12834,-12832,-11167,-12825,-1450,-1217,-1287,-1138,-1049,-530,-491,-837,-334,-302,-289,-12849,-12846,-12847,-12847,-12850,-774,-340,0,-1473,-4606,-12836,-12836,-12850,-12851,-12851,-12851,-12851,-12851,-12851,0,0,0,0,0,0,0,0,0,0,0,0,0,0,0,0,0,0,0,0,0,0,0,0,0,0,0,0,0,0,0,0,0,0,0,0,0,0,0,0,0,0,0,0,0,0,0,0,0,0,0,0,0,0,0,0,0,0,0,0,0,0,0,0,0,0,0,0,0,0,0,0,0,0,0,0,0,0,0,0,0,0,0,0,0,0,0]} 1. e4 c5 2. Nf3 d6 3. d4 cxd4 4. Nxd4 Nf6 5. Nc3 a6 6. f3 e5 7. Nb3 Be6 8. Be3 Be7 9. Qd2 O-O 10. O-O-O a5 11. a4 Nc6 12. g4 Nb4 13. g5 {B90: Sicilian Najdorf: Unusual White 6th moves, 6 Be3 Ng4 and 6 Be3 e5.} Ne8 (13... Nh5 $11) 14. h4 $16 Rc8 15. Kb1 {White is better.} d5 $1 {[%cal Rd5d4]} 16. exd5 Bf5 17. Na1 Nd6 18. Qh2 {[#]} f6 $146 (18... Re8 $1 $11 {keeps the balance.}) ({Predecessor:} 18... Re8 19. Bh3 b5 20. Ne4 Bxh3 21. Qxh3 bxa4 22. c3 Na6 23. g6 hxg6 24. h5 g5 {½-½ (33) Sergeev,V (2405)-Dessaules,P (2285) ICCF email 2011}) 19. Bh3 Bxh3 20. Qxh3 f5 21. Nb3 Nc4 {[#]} 22. Bc1 (22. f4 $1 $16) 22... Qb6 $2 (22... Nxc2 $1 $11 23. Kxc2 Bb4) 23. Rhe1 Bc5 24. f4 Bd4 25. Nxd4 exd4 26. Nb5 {aiming for Qb3.} d3 27. cxd3 Nd6 28. Na3 $2 {[%mdl 8192]} (28. Be3 $16 {and life is bright.} Qa6 29. Na7) 28... Nxd5 $19 29. Ka1 $2 {[#]} (29. Ka2 Nb4+ 30. Kb1) 29... Qb3 $1 {[%mdl 512]} 30. Bd2 Nb4 31. Bxb4 axb4 32. Qe3 bxa3 {[%csl Ga3][%cal Rb3b2]} 33. Qe6+ Qxe6 34. Rxe6 axb2+ 35. Kxb2 Rcd8 36. Rde1 Rde8 37. R1e5 Rxe6 38. Rxe6 {[%mdl 4096] Endgame KRN-KR} Rd8 39. Re7 Kf8 40. Rc7 b5 41. a5 Ra8 42. Rc6 Ke7 $2 ({Better is} 42... Ne8 $19 43. Rc5 Rxa5 44. Rxf5+ Ke7) 43. Rc7+ $11 Kf8 $2 {[%mdl 8192]} (43... Ke6 $11 44. Rxg7 Rxa5 45. Rxh7 Ra4 46. Rh6+ Kd5) 44. Rc6 $1 $19 Ne8 45. Rc5 Rxa5 46. Rxf5+ Ke7 47. Re5+ Kd7 48. f5 Ra4 49. h5 Rf4 50. Rxb5 Nd6 51. Ra5 Nxf5 52. h6 (52. Ra7+ $142 Kd6 53. Ra6+ Ke5 54. h6) 52... gxh6 53. gxh6 Ne7 54. Ra6 Rd4 55. Kc3 Rd6 56. Ra7+ Kd8 57. d4 (57. Ra8+ $142 Kd7 58. Ra7+ Ke8 59. Kc4) 57... Rxh6 58. Kc4 Rc6+ 59. Kd3 Rc7 60. Ra8+ Nc8 61. Ke4 Ke7 62. Ra1 Nd6+ 63. Kd5 Nf7 64. Rh1 h6 65. Re1+ Kd8 66. Rf1 Rd7+ 67. Kc5 Ng5 68. d5 (68. Rh1 $142 Rh7 69. Kd6) 68... Kc7 $2 (68... Ne4+ 69. Kd4 Nd6) 69. Ra1 Ne4+ 70. Kc4 $2 (70. Kd4 Nd6 71. Ke5) 70... Nf6 71. Rd1 h5 72. Kc5 Ne4+ 73. Kd4 Nf6 $2 (73... Nf2 $19 74. Ra1 Ng4) 74. Ke5 $2 {[%mdl 8192] [#]} (74. Kc5 $11 Rg7 75. Ra1 Nd7+ 76. Kd4) 74... Rd6 $1 75. Rf1 Kd7 76. Rg1 Nxd5 77. Rd1 Re6+ 78. Kf5 Rd6 79. Ke5 h4 $2 (79... Re6+ $19 80. Kf5 Kd6) 80. Rd4 $11 {The position is equal.} h3 81. Rh4 Ne7 {( -> ...Ng6+)} (81... Re6+ {with more complications.}) 82. Rxh3 Re6+ 83. Kd4 Kd6 84. Rh5 Nc6+ 85. Kd3 Rg6 86. Ke4 Rg4+ 87. Ke3 Ne7 88. Kf3 Ra4 89. Rb5 Nc6 {Threatens to win with ...Nd4+.} 90. Ke3 (90. Rb6 {feels hotter.}) 90... Ke6 91. Rb6 Kd5 92. Rb5+ Kd6 93. Kd3 Nb4+ 94. Ke3 Nd5+ 95. Kd3 Ke5 96. Rb8 Ra3+ 97. Ke2 Kd4 98. Rd8 Re3+ 99. Kd2 Re5 100. Rh8 Ke4 101. Rh4+ Nf4 102. Rh8 Rd5+ 103. Kc3 Rc5+ 104. Kb3 Kd3 105. Kb4 Kd4 106. Rh4 Rc4+ 107. Kb3 Kc5 108. Rg4 Rb4+ 109. Kc2 Kd5 110. Kc3 Re4 {Hoping for ...Ne2+.} 111. Rg5+ Kc6 112. Rg8 Nd5+ 113. Kd3 Rh4 114. Rc8+ Nc7 115. Ke3 Kd6 116. Rg8 Ne6 117. Ra8 Kd5 118. Ra5+ Nc5 119. Ra8 Ke5 120. Rg8 Rh3+ 121. Ke2 Kd4 122. Rd8+ Ke5 {White happily takes the draw. Accuracy: White = 65%, Black = 83%.} 1/2-1/2

[Event "56th Rubinstein Memorial A 2020"]
[Site "Polanica Zdroj"]
[Date "2020.08.18"]
[Round "4.20"]
[White "Turski, Bartlomiej"]
[Black "Betkowski, Andrzej"]
[Result "1/2-1/2"]
[WhiteElo "1985"]
[BlackElo "2044"]
[Annotator "ChessBase"]
[PlyCount "47"]
[EventDate "2020.08.15"]
[EventType "swiss"]
[EventCountry "POL"]
[SourceTitle "playchess.com"]
[Source "ChessBase"]
[SourceQuality "1"]
[TimeControl "40/5400+30:1800+30"]

1. e4 {[%emt 0:00:00]} e6 {[%emt 0:00:00]} 2. d4 {[%emt 0:00:00]} d5 {[%emt 0:00:00]} 3. e5 {[%emt 0:00:00]} c5 {[%emt 0:00:10]} 4. c3 {[%emt 0:00:00]} Nc6 {[%emt 0:00:14]} 5. Nf3 {[%emt 0:00:00]} Bd7 {[%emt 0:00:22]} 6. a3 {[%emt 0:00:09]} f6 {[%emt 0:00:57]} 7. Bd3 {[%emt 0:00:57]} Qc7 {[%emt 0:01:30]} 8. O-O {[%emt 0:00:44]} O-O-O {[%emt 0:00:43]} 9. Re1 {[%emt 0:00:28]} c4 {[%emt 0:08:29]} 10. Bc2 {[%emt 0:00:08]} fxe5 {[%emt 0:02:14]} 11. Nxe5 {[%emt 0:13:06]} Nxe5 {[%emt 0:03:28]} 12. dxe5 {[%emt 0:00:35]} Ne7 {[%emt 0:01:05]} 13. Nd2 {[%emt 0:03:28]} Nc6 {[%emt 0:02:09]} 14. Qe2 {[%emt 0:02:56]} g5 {[%emt 0:14:21]} 15. Nf3 {[%emt 0:22:57]} h6 {[%emt 0:06:31]} 16. h4 {[%emt 0:03:20]} Be8 {[%emt 0:14:11]} 17. hxg5 {[%emt 0:03:28]} Bh5 {[%emt 0:02:55]} 18. g6 {[%emt 0:05:42]} Qg7 {[%emt 0:07:39]} 19. Qe3 {[%emt 0:05:38]} Bxg6 {[%emt 0:02:09]} 20. Bxg6 {[%emt 0:04:57]} Qxg6 {[%emt 0:00:02]} 21. Nd4 {[%emt 0:03:12]} Rg8 {[%emt 0:10:57]} 22. Qh3 {[%emt 0:03:10]} Kd7 {[%emt 0:07:46]} 23. Be3 {[%emt 0:11:10]} Be7 {[%emt 0:02:27]} 24. Rab1 {[%emt 0:02:02]} 1/2-1/2

[Event "56th Rubinstein Memorial A 2020"]
[Site "Polanica Zdroj"]
[Date "2020.08.19"]
[Round "5.1"]
[White "Lukasiewicz, Krzysztof"]
[Black "Ovsejevitsch, Sergei"]
[Result "0-1"]
[WhiteElo "2343"]
[BlackElo "2587"]
[Annotator "TA"]
[PlyCount "100"]
[EventDate "2020.08.15"]
[EventType "swiss"]
[EventCountry "POL"]
[SourceTitle "playchess.com"]
[Source "ChessBase"]
[SourceQuality "1"]

{[%evp 9,100,-7,14,10,47,50,50,40,62,55,49,41,43,47,37,0,20,20,27,21,19,21,27,25,42,37,24,20,28,5,12,5,16,12,52,43,59,0,0,-183,-187,-229,-204,-195,-202,-200,-186,-171,-194,-235,-177,-187,-182,-175,-171,-219,-184,-176,-179,-208,-208,-208,-208,-208,-208,-233,-208,-208,-208,-508,-508,-507,-379,-700,-700,-2089,-320,-1920,-1910,-29960,-572,-1053,-1021,-1154,-823,-29980,-29981,-29992,-29973,-29990,-2108,-29991,-29992]} 1. d4 Nf6 2. Bf4 d5 3. e3 c5 4. Nf3 Nc6 5. Nbd2 Bg4 6. c3 {D02: 1 d4 d5 2 Nf3 sidelines, including 2...Nf6 3 g3 and 2...Nf6 3 Bf4.} Qb6 7. dxc5 Qxc5 8. Qb3 {White is slightly better.} Bc8 {[#]} 9. Be2 $146 ({Predecessor:} 9. Bd3 Nh5 10. Bc7 e6 11. g4 Nf6 12. g5 Nd7 13. Qa4 Nb4 14. Qxb4 Qxc7 15. Qa4 {1-0 (57) Szabo,G (2548)-Bida,M (2444) Baile Govora 2017}) 9... g6 10. O-O Bg7 11. Rac1 O-O 12. c4 d4 13. exd4 Nxd4 14. Nxd4 Qxd4 15. Be3 Qe5 16. Nf3 Qc7 17. h3 b6 18. Nd4 Bb7 19. c5 bxc5 20. Nb5 $1 {[%cal Rb5c7]} Qb8 ({Don't play} 20... Qc6 $6 21. Bf3 $14) (20... Qa5 {with more complications.} 21. Rxc5 Ne4 22. Rc2 Rfd8 23. Rfc1 e6) 21. Rxc5 {Threatens to win with Nc7.} Be4 22. Qa4 a6 23. Nc3 (23. Nc7 $14) 23... Qxb2 $40 {[%mdl 128] Black mounts an attack.} 24. Bxa6 $2 {[#] Black converts the advantage convincingly.} (24. Nxe4 $11 {and White has nothing to worry.} Nxe4 25. Qxe4 Qxe2 26. Rc2) 24... Bd3 $1 $19 {[%cal Rd3f1][%mdl 576] Pin} 25. Bc1 (25. Bxd3 Rxa4) 25... Qb8 ({Stronger than} 25... Rxa6 26. Bxb2 Rxa4 27. Nxa4 $11) 26. Bxd3 Rxa4 27. Nxa4 e6 28. Rc4 Nd5 29. Bd2 Qa7 30. Bc2 Bd4 31. Bb3 Rd8 32. Bg5 f6 33. Bd2 Kg7 34. Nc3 Nxc3 35. Bxc3 Bxc3 36. Rxc3 e5 37. Rfc1 {Rc7+ is the strong threat.} Kh6 38. Rc6 f5 39. R1c5 $2 (39. R6c2 {keeps fighting.}) 39... Rd2 40. Rc7 Qb6 41. Bg8 $2 (41. R7c6 Qb4 42. Rc4) 41... e4 {Hoping for ...Qb1+.} 42. h4 Rd1+ 43. Kh2 {[%csl Gg8][%cal Rc7h7]} Qb8 44. Be6 Rd6 (44... Qd8 $142 45. Rc3 e3 46. Rxh7+ Kxh7 47. Rxe3 Qd6+ 48. Rg3 Qxe6 49. Re3 Qd6+ 50. Rg3 {[#]} Qf4 $1 {[%mdl 576] Double Attack} 51. a3 Kh6 52. h5 Kxh5 53. a4 Kh4 54. a5 Qxf2 55. Rg4+ Kxg4 56. a6 Qh4#) 45. Bc8 {and if Rb7 works, White does fine.} Rd2 46. Kg3 Rxa2 47. Kh3 Rxf2 48. Be6 Rf1 49. Bc4 Rh1+ 50. Kg3 Qd8 {Accuracy: White = 59%, Black = 85%.} 0-1

[Event "56th Rubinstein Memorial A 2020"]
[Site "Polanica Zdroj"]
[Date "2020.08.19"]
[Round "5.2"]
[White "Butkiewicz, Lukasz"]
[Black "Zochowski, Kacper"]
[Result "1/2-1/2"]
[WhiteElo "2400"]
[BlackElo "2278"]
[Annotator "ChessBase"]
[PlyCount "41"]
[EventDate "2020.08.15"]
[EventType "swiss"]
[EventCountry "POL"]
[SourceTitle "playchess.com"]
[Source "ChessBase"]
[SourceQuality "1"]
[TimeControl "40/5400+30:1800+30"]

1. e4 {[%emt 0:00:00]} c5 {[%emt 0:11:05]} 2. Nf3 {[%emt 0:00:45]} d6 {[%emt 0:00:09]} 3. d4 {[%emt 0:01:11]} cxd4 {[%emt 0:00:09]} 4. Nxd4 {[%emt 0:00:54]} Nf6 {[%emt 0:00:06]} 5. Nc3 {[%emt 0:00:48]} a6 {[%emt 0:00:07]} 6. h3 {[%emt 0:01:44]} e5 {[%emt 0:01:29]} 7. Nde2 {[%emt 0:00:19]} h5 {[%emt 0:00:22]} 8. Bg5 {[%emt 0:01:25]} Be6 {[%emt 0:00:40]} 9. Bxf6 {[%emt 0:02:34]} Qxf6 {[%emt 0:00:53]} 10. Nd5 {[%emt 0:00:25]} Qd8 {[%emt 0:07:31]} 11. Ng3 {[%emt 0:12:45]} g6 {[%emt 0:07:47]} 12. Bc4 {[%emt 0:01:32]} Bh6 {[%emt 0:14:09]} 13. Nf1 {[%emt 0:05:34]} Nc6 {[%emt 0:10:35]} 14. Nfe3 {[%emt 0:05:32]} O-O {[%emt 0:09:45]} 15. c3 {[%emt 0:05:00]} b5 {[%emt 0:07:40]} 16. Bd3 {[%emt 0:05:03]} Ne7 {[%emt 0:03:40]} 17. Nxe7+ {[%emt 0:04:30]} Qxe7 {[%emt 0:00:10]} 18. Qe2 {[%emt 0:00:14]} Qg5 {[%emt 0:04:57]} 19. h4 {[%emt 0:07:41]} Qe7 {[%emt 0:02:05]} 20. g3 {[%emt 0:01:46]} Qa7 {[%emt 0:02:25]} 21. Nc2 {[%emt 0:06:38]} 1/2-1/2